| 000 | 01416cam a2200301 a 4500 | ||
|---|---|---|---|
| 005 | 20060727202709.0 | ||
| 010 | _aENG-95513 B-444786 | ||
| 020 |
_a9780198060864 _c650.00 |
||
| 020 |
_a0198060866 _c650.00 |
||
| 035 | _aEN-79046 B-444786 | ||
| 037 | _bDBAD/PUB | ||
| 037 | _bAllied Pub | ||
| 082 | _a363.72820954 | ||
| 100 |
_aGill, Kaveri _938333 |
||
| 245 |
_aOf povety and plastic : _cby Kavery Gill _bscavenging and scrap trading entrepreneurs in India's urban informal economy / |
||
| 260 |
_a New Delhi _bOxford University Press _c2010 |
||
| 270 |
_aYMCA building, Jai singh road _bNew Delhi _e110001 |
||
| 300 |
_axiii, 280p. _c22 cm (Hb) |
||
| 504 | _aIncludes bibliographical references and Index | ||
| 650 |
_aRecycling industry _xIndia _938334 |
||
| 650 |
_aPlastic scrap _xIndia _938335 |
||
| 856 | _uhttp://www.loc.gov/catdir/enhancements/fy0640/97900357-d.html | ||
| 942 |
_2ddc _cEN _mGIL _h363.72820954 |
||
| 999 |
_c31949 _d31949 |
||